| 000 | 01156cam a2200349 a 4500 | ||
|---|---|---|---|
| 001 | 4888841 | ||
| 003 | OSt | ||
| 005 | 20140310184342.0 | ||
| 008 | 930805s1994 nyua j 000 0 eng | ||
| 010 | _a 93029782 | ||
| 020 | _a9780590476164 | ||
| 040 |
_aDLC _cDLC _dDLC |
||
| 042 | _alcac | ||
| 050 | 0 | 0 |
_aQL 568.F7 _b.R46 1994 |
| 100 | 1 |
_aRetan, Walter. _924625 |
|
| 245 | 1 | 0 |
_aArmies of ants / _cby Walter Retan ; illustrated by Jean Cassels. |
| 260 |
_aNew York : _bScholastic, _c1994 |
||
| 300 |
_a1 v. (unpaged) : _bcol. ill. ; _c23 cm. |
||
| 440 | 0 |
_aHello reader! _nLevel 4 _924626 |
|
| 500 | _a"Cartwheel books." | ||
| 520 | _aDiscusses the amazing world of ants. | ||
| 521 | 1 | _aG4 | |
| 526 | _c630 | ||
| 562 | _e1 | ||
| 650 | 0 |
_aAnts _xJuvenile literature. _924627 |
|
| 650 | 1 |
_aAnts. _924628 |
|
| 700 | 1 |
_aCassels, Jean, _eill. _924629 |
|
| 906 |
_a7 _bcbc _corignew _d1 _eocip _f19 _gy-gencatlg |
||
| 942 |
_2lcc _cBK-SCHOLAS |
||
| 999 |
_c33839 _d33839 |
||